स्मृतियों के आइने में पंडित भगवतदयाल शर्मा (Record no. 1016739)
[ view plain ]
| 000 -LEADER | |
|---|---|
| fixed length control field | 01189nam a2200265Ia 4500 |
| 003 - CONTROL NUMBER IDENTIFIER | |
| control field | OSt |
| 005 - DATE AND TIME OF LATEST TRANSACTION | |
| control field | 20221005105730.0 |
| 008 - FIXED-LENGTH DATA ELEMENTS--GENERAL INFORMATION | |
| fixed length control field | 221004b |||||||| |||| 00| 0 hin d |
| 020 ## - INTERNATIONAL STANDARD BOOK NUMBER | |
| International Standard Book Number | 9788174533913 (hbk) |
| 037 ## - SOURCE OF ACQUISITION | |
| Terms of availability | Textual |
| 040 ## - CATALOGING SOURCE | |
| Original cataloging agency | CRL |
| Transcribing agency | CRL |
| Language of cataloging | hin |
| 041 ## - LANGUAGE CODE | |
| Source of code | hin |
| Language code of text/sound track or separate title | hin |
| 100 ## - MAIN ENTRY--PERSONAL NAME | |
| Personal name | शर्मा, भारती |
| 245 #0 - TITLE STATEMENT | |
| Title | स्मृतियों के आइने में पंडित भगवतदयाल शर्मा |
| Remainder of title | हरियाणा के प्रथम स्वप्नदर्शी मुख्यमंत्री |
| 246 ## - VARYING FORM OF TITLE | |
| Title proper/short title | Smṛutiyoan ke āine mean panḍit bhagavatadayāl sharmā: hariyāṇā ke pratham svapnadarshī mukhyamantrī |
| 260 ## - PUBLICATION, DISTRIBUTION, ETC. | |
| Place of publication, distribution, etc. | नई दिल्ली |
| Name of publisher, distributor, etc. | संजय प्रकाशन भारत |
| Date of publication, distribution, etc. | 2012 |
| 300 ## - PHYSICAL DESCRIPTION | |
| Extent | 252पृ0 |
| Dimensions | cm. |
| 650 ## - SUBJECT ADDED ENTRY--TOPICAL TERM | |
| Topical term or geographic name entry element | विश्व-इतिहास |
| 942 ## - ADDED ENTRY ELEMENTS (KOHA) | |
| Classification part | V243Hy7N18, 152Q2 |
| Koha item type | Textual |
| Source of classification or shelving scheme | |
| Withdrawn status | Lost status | Damaged status | Not for loan | Home library | Current library | Date acquired | Source of acquisition | Cost, normal purchase price | Total Checkouts | Full call number | Barcode | Date last seen | Cost, replacement price | Price effective from | Koha item type |
|---|---|---|---|---|---|---|---|---|---|---|---|---|---|---|---|
| Central Library | Central Library | 2022-10-05 | 566, 06/03/2014, Swaraj Prakashan | 1000.00 | V243Hy7N18 152Q2 | CL1565388 | 2022-10-05 | 1000.00 | 2022-10-05 | Textual |
